000 00880nam a2200313Ia 4500
003 OSt
005 20220912144850.0
006 a|||||r|||| 00| 0
007 ta
008 220909b |||||||| |||| 00| 0 eng d
020 _a978817375914 (pbk)
024 _a84316
037 _cTextual
040 _aCSL
_beng
_cCSL
041 _aeng
082 _aG:527WN52, P5
100 _aDinerstein Eric
245 0 _aTigerland and other unintended destinations
260 _aHyderabad
_bUniversities Press
_c2005
300 _a279p.
_ccm.
500 _a''Index 269-279p''.
650 _a Conservation biology
650 _a Dinerstein-eric--Biography
650 _a Dinerstein-Eric--Travel
650 _a Endangered ecosystem
650 _aEnvironmental Studies
942 _hG:527WN52, P5
_cTEXL
_2CC
999 _c17674
_d17674